Statistics for Countries With The Highest Infant Mortality Rate With Exceptions

Click here to take the quiz!

General Stats

  • This quiz has been taken 15 times
  • The average score is 30 of 40

Answer Stats

RateCountry% Correct
31.6India
100%
19.5Indonesia
100%
54.1Pakistan
100%
16.7Vietnam
100%
35.3Laos
93%
23.7Nepal
93%
18.4Syria
93%
46.6Yemen
93%
44.9Afghanistan
86%
24.3Bangladesh
86%
22.0Cambodia
86%
21.7Iraq
86%
35.0Myanmar
86%
20.9Philippines
86%
36.1Turkmenistan
86%
23.1Bhutan
79%
21.0Dominican Republic
79%
36.5East Timor
79%
15.6Kyrgyzstan
79%
20.8FS Micronesia
71%
20.0Guatemala
71%
45.7Haiti
71%
23.8Nauru
71%
15.1Palau
71%
35.2Papua New Guinea
71%
14.6Samoa
71%
14.8Trinidad and Tobago
71%
18.7Tuvalu
71%
21.1Vanuatu
71%
21.0Venezuela
71%
23.0Fiji
64%
39.2Kiribati
64%
25.5Marshall Islands
64%
16.5Solomon Islands
64%
17.3Azerbaijan
57%
27.8Dominica
57%
21.2Saint Lucia
57%
16.1Bolivia
50%
23.4Guyana
50%
15.7Suriname
43%

Score Distribution

Percentile by Number Answered

Percent of People with Each Score

Your Score History

You have not taken this quiz